00320nam a2200109Ia 4500008004100000082000800041100001800049245002700067942000600094952009500100999001500195240331s9999 xx 000 0 und d bROB aRoberts, J. L 0aNotes from underground cL 001040708LaWERCLbWERCLcSSCd2024-03-31l0o 820 ROBp4049r2024-03-31w2024-03-31yL c3202d3202